000 00530nam a2200169 n 4500
001 111994
003 ES-MaACL
005 20250901195112.0
007 t|
008 061121s1916 sp r ||||1| spa d
100 0 _aNavarro Blasco, F.
_985104
245 1 0 _aTres nuevos casos de sercreción láctea anormal /
_cpor F. Navarro Blasco y Mateo Carreras.
260 _aValladolid :
_b[s.n.],
_c1916 (
_fTipografía Cuesta)
700 1 _aCarreras, Mateo
_935665
852 _aES-MaACL
_j1505-F-11
999 _c111994
_d111994